000 00743nam a2200181 a 4500
008 120416s1992 ||||||||||||||||| || u
050 _aHC 800 Sav
100 _aIngham, Barbara
245 1 0 _aSaving for economic recovery in Africa
260 _aLondon
_bCurrey
_c1992
300 _axii, 210p. : ill
350 _a0.00
650 0 _aECONOMIC DEVELOPMENT--AFRICA
650 0 _aECONOMICS
700 _aFrimpong-Ansah, J. H
995 _aANNEX COLLECTION (Main Library)
_D0.00
_e723445
_FCBU-MAIN LIBRARY (Kitwe)
_H1
_I35.00
_jHC 800 Sav
_M1
_UAVAILABLE
_y003299
_ZAnnex Low-Usage Collection
995 _aANNEX COLLECTION (Main Library)
_D0.00
_e723444
_FCBU-MAIN LIBRARY (Kitwe)
_H2
_I35.00
_jHC 800 Sav
_M2
_UAVAILABLE
_y003300
_ZAnnex Low-Usage Collection
999 _c80318
_d80318